000 00798nam a2200217 i 4500
001 9214
003 ES-MaACL
005 20230906145630.0
008 170531s1968 mx ||||1| spa d
080 _a7:061.43(72)"19"
100 0 _aFernández, Justino.
_949395
245 1 0 _aCatálogo de las exposiciones de arte en 1967 /
_cJustino Fernández.
260 _aMéxico :
_bUniversidad Nacional Autónoma de México, Dirección General de Publicaciones,
_c1968.
300 _a177 p. ;
_c24 cm.
500 _a"Suplemento al núm. 17 de los Anales del Instituto de Investigaciones Estéticas"
650 4 _aExposiciones de arte-
_zMéxico.
_9162922
655 7 _2tgfbne
_9193628
_aCatálogos de exposiciones
852 _aES-MaACL
_j2336-F-10
942 _2udc
999 _c9214
_d9214